[Event "Echiquier Aubois / Epernay"]
[Site "?"]
[Date "2009.01.18"]
[Round "4"]
[White "Collinet, Laurent"]
[Black "Hascher, Nicolas"]
[Result "0-1"]
[WhiteElo "1850"]
[BlackElo "2010"]
[PlyCount "132"]
[EventDate "2008.12.14"]
[SourceDate "2009.01.18"]

1. c4 Nf6 2. g3 c6 3. Bg2 d5 4. cxd5 cxd5 5. Nf3 Nc6 6. d4 e6 7. O-O Bd6 8. Nc3
O-O 9. a3 b6 10. Bg5 Be7 11. Re1 Bb7 12. b4 Rc8 13. Rc1 h6 14. Bf4 Re8 15. Ne5
Nxe5 16. Bxe5 Qd7 17. h3 Rc4 18. g4 Rec8 19. Qd2 a5 20. Na2 Ne4 21. Bxe4 dxe4
22. Rxc4 Rxc4 23. Rc1 Qd5 24. Rxc4 e3 25. Rc8+ Bxc8 26. Qc2 exf2+ 27. Kxf2 Bb7
28. e4 Qxe4 29. Qxe4 Bxe4 30. Nc3 Bb7 31. bxa5 bxa5 32. Bc7 Bxa3 33. Bxa5 Bb2
34. Ne2 f6 35. Bb6 Kf7 36. Bc5 f5 37. Bd6 g5 38. Be5 Kg6 39. Kg3 Ba6 40. Kf2
Bb5 41. Ke3 Ba3 42. Kf2 Be7 43. Nc3 Bc6 44. Ne2 Bf6 45. Bd6 h5 46. gxf5+ exf5
47. Bc5 h4 48. Kg1 Bd8 49. Nc3 Bf3 50. d5 g4 51. d6 Bc6 52. Ne2 Bg5 53. Kh2 Bd2
54. Nd4 Bd7 55. hxg4 fxg4 56. Ne2 Kg5 57. Bb6 Bc6 58. Bd8+ Kh5 59. Bb6 Bg5 60.
Nd4 g3+ 61. Kh3 Bd7+ 62. Kg2 Kg4 63. Ne2 h3+ 64. Kf1 h2 65. Nxg3 Kxg3 66. Bf2+
Kf3 0-1

[Event "Echiquier Aubois / Epernay"]
[Site "?"]
[Date "2009.01.18"]
[Round "4"]
[White "Pinchon, Sylvie"]
[Black "Frezier, Sebastien"]
[Result "1-0"]
[WhiteElo "1590"]
[BlackElo "1460"]
[PlyCount "127"]
[EventDate "2008.12.14"]
[SourceDate "2009.01.18"]

1. e4 e5 2. Nf3 Nc6 3. Bc4 Bc5 4. c3 Nf6 5. d4 exd4 6. b4 Bb6 7. a3 Nxe4 8.
cxd4 d6 9. O-O O-O 10. Re1 Nf6 11. Bg5 Bg4 12. Re4 Bxf3 13. Qxf3 Nxd4 14. Qd3
Nc6 15. Rh4 Ne5 16. Qf5 Qd7 17. Qc2 Ng6 18. Rh3 Bd4 19. Nc3 Bxc3 20. Qxc3 Ne4
21. Qc1 Nxg5 22. Qxg5 Qe7 23. Qh5 h6 24. Qxg6 Qf6 25. Qxf6 gxf6 26. Rxh6 Kg7
27. Rh3 Rfe8 28. Kf1 Re4 29. Bd3 Re5 30. Rc1 Rae8 31. Rg3+ Kf8 32. Rf3 Kg7 33.
g3 c6 34. Kg2 d5 35. Rc3 R8e6 36. Bf5 Rd6 37. Rf4 b6 38. Rcf3 c5 39. bxc5 bxc5
40. Bd3 c4 41. Bxc4 dxc4 42. Rxc4 Ra6 43. a4 Rea5 44. Rff4 f5 45. h3 f6 46. g4
fxg4 47. hxg4 Kg6 48. Kg3 Kg5 49. f3 f5 50. gxf5 Rxf5 51. Rg4+ Kf6 52. Rh4 Raa5
53. Rhf4 Kg5 54. Rxf5+ Rxf5 55. Rg4+ Kf6 56. Rf4 Rxf4 57. Kxf4 a5 58. Kg4 Kg6
59. f4 Kg7 60. Kg5 Kf8 61. f5 Kg8 62. Kg6 Kf8 63. Kf6 Ke8 64. Kg7 1-0

[Event "Echiquier Aubois / Epernay"]
[Site "?"]
[Date "2009.01.18"]
[Round "4"]
[White "Pithois, Fabien"]
[Black "Guyot, Philippe"]
[Result "1/2-1/2"]
[WhiteElo "1880"]
[BlackElo "2010"]
[PlyCount "90"]
[EventDate "2008.12.14"]
[SourceDate "2009.01.18"]

1. c4 c5 2. Nc3 Nc6 3. Nf3 Nf6 4. g3 g6 5. Bg2 Bg7 6. O-O O-O 7. d3 a6 8. Be3
d6 9. h3 Rb8 10. d4 cxd4 11. Nxd4 Bd7 12. Nd5 Re8 13. Nxc6 bxc6 14. Nxf6+ Bxf6
15. Bd4 e5 16. Bc3 Qc7 17. Qd2 Be6 18. Rfd1 Be7 19. b3 Bf8 20. Bb4 c5 21. Bc3
f5 22. Bd5 Qf7 23. Bxe6 Qxe6 24. Qd5 Qxd5 25. Rxd5 Kf7 26. f3 Ke6 27. Ba5 Kd7
28. Rad1 Kc6 29. Kf2 Re6 30. e4 fxe4 31. fxe4 Rf6+ 32. Ke2 Bh6 33. Rf1 Rxf1 34.
Kxf1 Bc1 35. Rd3 Ba3 36. Bc3 Bb4 37. Bb2 Rb7 38. Ke2 Ba5 39. Ba1 Bb6 40. Rf3
Re7 41. Kd3 Bc7 42. Bc3 Bb6 43. Kc2 Ra7 44. Rf6 Re7 45. Rf3 Ra7 1/2-1/2

[Event "Echiquier Aubois / Epernay"]
[Site "?"]
[Date "2009.01.18"]
[Round "4"]
[White "Marchal, Ludovic"]
[Black "Solanas, Ricardo"]
[Result "1-0"]
[WhiteElo "1580"]
[BlackElo "1716"]
[PlyCount "107"]
[EventDate "2008.12.14"]
[SourceDate "2009.01.18"]

1. c4 c5 2. Nc3 Nc6 3. g3 g6 4. Bg2 Bg7 5. Nf3 Nf6 6. O-O O-O 7. d4 cxd4 8.
Nxd4 a6 9. Be3 Qc7 10. Nd5 Nxd5 11. cxd5 Nxd4 12. Bxd4 e5 13. dxe6 dxe6 14.
Bxg7 Kxg7 15. Qb3 Rb8 16. Rac1 Qe5 17. Qc3 Qxc3 18. Rxc3 Bd7 19. Rd1 Bb5 20.
Bf3 Rfd8 21. Rdc1 Rd2 22. R3c2 Rbd8 23. e3 Rxc2 24. Rxc2 Bd3 25. Rd2 Rd7 26.
Be4 Bb5 27. Rxd7 Bxd7 28. Bxb7 Bb5 29. a3 Kf6 30. Bg2 Ke5 31. Bf1 Kd5 32. b3
Kc5 33. f3 a5 34. Bxb5 Kxb5 35. Kf2 f5 36. Ke2 Kc5 37. Kd3 e5 38. h3 g5 39. Kc3
f4 40. gxf4 gxf4 41. exf4 exf4 42. Kd3 Kd5 43. b4 a4 44. h4 h5 45. Kc3 Ke5 46.
Kc4 Kd6 47. b5 Kc7 48. Kc5 Kb7 49. b6 Kb8 50. Kb5 Kb7 51. Kxa4 Kxb6 52. Kb4 Kc6
53. Kc4 Kd6 54. Kd4 1-0

[Event "Echiquier Aubois / Epernay"]
[Site "?"]
[Date "2009.01.18"]
[Round "4"]
[White "Fournier, Manuel"]
[Black "Crepaux, Jean-Marie"]
[Result "1/2-1/2"]
[WhiteElo "2037"]
[BlackElo "1940"]
[PlyCount "137"]
[EventDate "2008.12.14"]
[SourceDate "2009.01.18"]

1. e4 e5 2. Nf3 Nc6 3. Bb5 Bc5 4. c3 Bb6 5. O-O Nge7 6. d4 exd4 7. cxd4 d5 8.
exd5 Nxd5 9. Re1+ Be6 10. Bxc6+ bxc6 11. Ng5 Qd6 12. Nxe6 fxe6 13. Qg4 O-O 14.
Na3 Nf4 15. Bxf4 Rxf4 16. Qxe6+ Qxe6 17. Rxe6 Bxd4 18. Re2 Rb8 19. Rb1 Rbf8 20.
Rf1 Rb8 21. b3 Kf7 22. Nc4 Re8 23. Rxe8 Kxe8 24. Re1+ Kd7 25. Re2 c5 26. g3 Rf6
27. Kg2 Kc6 28. f4 Kd5 29. Re7 Re6 30. Rxe6 Kxe6 31. Kf3 Kd5 32. g4 Bg1 33. h4
Bd4 34. f5 Ba1 35. Kf4 Bc3 36. g5 Ba1 37. Ne3+ Kd6 38. Ke4 Bd4 39. Nc4+ Ke7 40.
h5 h6 41. gxh6 gxh6 42. Ne5 Kf6 43. Nf3 Bc3 44. Kf4 Bb2 45. Kg4 Bc1 46. Ne1 Be3
47. Nd3 Bd4 48. Nf4 Be5 49. Ne6 Bd6 50. Nd8 a6 51. Nc6 Kf7 52. Nb8 Kf6 53. Nxa6
c6 54. a3 Ke5 55. b4 c4 56. Kf3 Kd4 57. Ke2 Kc3 58. Nc5 Kb2 59. f6 Kxa3 60. Kd2
Kb2 61. Na4+ Kb3 62. Nc5+ Kxb4 63. Ne6 Kb3 64. Kc1 Kc3 65. f7 Ba3+ 66. Kb1 Kd2
67. Nd4 c3 68. Nc2 Bf8 69. Nd4 1/2-1/2

[Event "ENHM/Bogny"]
[Site "?"]
[Date "2009.01.18"]
[Round "4"]
[White "HERMANN, Jean-Philippe"]
[Black "FLAMANT, Jacky"]
[Result "1-0"]
[WhiteElo "2233"]
[BlackElo "1883"]
[PlyCount "41"]
[EventDate "2009.01.20"]
[SourceDate "2009.01.20"]

1. e4 e6 2. d4 d5 3. Nc3 Bb4 4. a3 Bxc3+ 5. bxc3 c5 6. exd5 exd5 7. dxc5 Nf6 8.
Nf3 O-O 9. Be2 Qa5 10. O-O Be6 11. Ng5 Nbd7 12. Rb1 Nxc5 13. Be3 b6 14. Bd4
Nfe4 15. Nxe4 Nxe4 16. Bd3 Nxc3 17. Qh5 f5 18. Rb3 Ne4 19. Bxe4 dxe4 20. Rg3 g6
21. Rxg6+ 1-0

[Event "ENHM/Bogny"]
[Site "?"]
[Date "2009.01.18"]
[Round "4"]
[White "GUYON, Cyndie"]
[Black "VIARD, Dominique"]
[Result "1-0"]
[WhiteElo "1890"]
[BlackElo "2040"]
[PlyCount "115"]
[EventDate "2009.01.20"]
[SourceDate "2009.01.20"]

1. d4 Nf6 2. Bg5 c6 3. Bxf6 gxf6 4. c3 d5 5. e3 e5 6. Qh5 Bd6 7. Nf3 e4 8. Nh4
Be6 9. Nf5 Bf8 10. Nh6 Nd7 11. Be2 Bxh6 12. Qxh6 Qb6 13. b3 Ke7 14. h3 Rag8 15.
g4 Rg6 16. Qf4 Rhg8 17. f3 f5 18. gxf5 Rf6 19. fxe4 dxe4 20. Qxe4 Rxf5 21. Qh4+
Nf6 22. Bg4 Rfg5 23. Bxe6 Kxe6 24. Rf1 Qc7 25. Qf2 Ne4 26. Qe2 b5 27. Qc2 f5
28. Nd2 Rg2 29. O-O-O Qh2 30. b4 Rxd2 31. Rxd2 Qxd2+ 32. Qxd2 Nxd2 33. Kxd2
Rg2+ 34. Kd3 Rxa2 35. Rf4 Rg2 36. Rh4 Rg7 37. c4 a6 38. Rh6+ Kd7 39. d5 cxd5
40. cxd5 Rg6 41. Rxh7+ Kd6 42. Kd4 Rg3 43. Rf7 Rxh3 44. Rxf5 Rh1 45. Rf6+ Kd7
46. Rxa6 Rh4+ 47. Kc5 Rh5 48. e4 Rh1 49. Kxb5 Re1 50. Re6 Re2 51. Kb6 Rb2 52.
b5 Re2 53. Kb7 Re1 54. b6 Re2 55. e5 Rd2 56. Rd6+ Ke7 57. Kc7 Re2 58. b7 1-0

[Event "ENHM/Bogny"]
[Site "?"]
[Date "2009.01.18"]
[Round "4"]
[White "ROBERT-DEHAULT, Etienne"]
[Black "ALCIDI, Valentin"]
[Result "1-0"]
[WhiteElo "1937"]
[BlackElo "1870"]
[PlyCount "143"]
[EventDate "2009.01.20"]
[SourceDate "2009.01.20"]

1. d4 Nf6 2. c4 e6 3. Nf3 b6 4. a3 Bb7 5. Nc3 Be7 6. d5 exd5 7. cxd5 O-O 8. e4
Re8 9. Be2 Bd6 10. Bd3 Nxd5 11. O-O Nxc3 12. bxc3 Nc6 13. Bb2 Qf6 14. Qc2 Qh6
15. c4 Ne5 16. Bxe5 Bxe5 17. Nxe5 Rxe5 18. f4 Re7 19. e5 Rae8 20. Rae1 g6 21.
Re3 d6 22. Rh3 Qg7 23. exd6 Qd4+ 24. Kh1 Re1 25. dxc7 Rxf1+ 26. Bxf1 Qxf4 27.
Qd3 Qxc7 28. Qd2 Qe5 29. Qh6 Qg7 30. Qd2 Qf6 31. Kg1 Rd8 32. Rd3 Rxd3 33. Qxd3
Qc6 34. Qd8+ Kg7 35. Qd4+ f6 36. Qd8 Qc5+ 37. Kh1 Qf2 38. Qd7+ Kh6 39. Qh3+ Kg7
40. Qd7+ Kh6 41. Qh3+ Kg5 42. Qd3 Be4 43. Qd1 f5 44. Qd8+ Kh5 45. Qd1+ Kh6 46.
h3 f4 47. Qc1 g5 48. Qd1 Bc2 49. Qa1 Kg6 50. Kh2 f3 51. Qb2 h5 $4 52. Bd3+ Kf7
53. Qxc2 Qd4 54. gxf3 Qf4+ 55. Kg2 h4 56. Qf2 Qc1 57. Qc2 Qxa3 58. Bh7 Qc5 59.
Qf5+ Qxf5 60. Bxf5 a5 61. Bc2 Kf6 62. Kf2 Ke5 63. Ke3 Kd6 64. Kd4 Ke6 65. Ba4
Kf5 66. Ke3 Ke5 67. Bc2 Kd6 68. Kd4 Kc6 69. Ba4+ Kd6 70. Bb5 Ke6 71. Ke4 Kf6
72. f4 1-0

[Event "ENHM/Bogny"]
[Site "?"]
[Date "2009.01.18"]
[Round "4"]
[White "LEGHBALI, Sophiane"]
[Black "ZEROUAL, Mohamed"]
[Result "1/2-1/2"]
[WhiteElo "1878"]
[BlackElo "1991"]
[PlyCount "108"]
[EventDate "2009.01.20"]
[SourceDate "2009.01.20"]

1. e4 c5 2. Nf3 Nc6 3. d4 cxd4 4. Nxd4 Nf6 5. Nc3 e6 6. Be3 a6 7. Be2 Qc7 8.
Qd2 b5 9. f3 Bb7 10. O-O-O Bb4 11. Nb3 O-O 12. Bc5 Rfc8 13. Bd6 Qxd6 14. Qxd6
Bxd6 15. Rxd6 Ne5 16. Na5 Bc6 17. Rhd1 Kf8 18. Nxc6 Rxc6 19. f4 Nc4 20. Rxc6
dxc6 21. Bxc4 bxc4 22. e5 Nd5 23. g3 Nxc3 24. bxc3 Ke7 25. Rd6 Rc8 26. Rd4 f6
27. Rxc4 fxe5 28. fxe5 Kf7 29. h4 h5 30. Rd4 Rc7 31. Rd8 Kg6 32. Ra8 Kf5 33.
Rxa6 Kxe5 34. Ra4 c5 35. Rf4 Ra7 36. Kb1 Rb7+ 37. Kc1 Ra7 38. Kb2 Rb7+ 39. Ka3
Kd5 40. c4+ Ke5 41. Ka4 Ra7+ 42. Kb5 Rxa2 43. Kxc5 Rxc2 44. Rf7 g6 45. Rf3 Ke4
46. Rf4+ Ke5 47. Rf3 Ke4 48. Rf6 Kd3 49. Rxg6 Rxc4+ 50. Kd6 Ke4 51. Rxe6+ Kf3
52. Rg6 Rg4 53. Rg5 Kxg3 54. Rxh5 Rxh4 1/2-1/2

[Event "ENHM/Bogny"]
[Site "?"]
[Date "2009.01.18"]
[Round "4"]
[White "MORET, Florian"]
[Black "PRIOUX, Michel"]
[Result "1-0"]
[WhiteElo "1910"]
[BlackElo "1829"]
[PlyCount "50"]
[EventDate "2009.01.20"]
[SourceDate "2009.01.20"]

1. e4 c5 2. Nc3 e6 3. f4 Nc6 4. Nf3 a6 5. a4 b6 6. Bc4 Qc7 7. d3 Nge7 8. O-O
Bb7 9. f5 Nd4 10. fxe6 Nxf3+ 11. Qxf3 f6 12. Bg5 O-O-O 13. Bxf6 gxf6 14. Qxf6
Ng6 15. exd7+ Kb8 16. Nd5 Bxd5 17. Bxd5 Rxd7 18. a5 Rd6 19. axb6 Rxb6 20. Rxa6
Rxa6 21. Qxa6 Qa7 22. Qb5+ Kc7 23. Qc6+ Kd8 24. Rf7 Be7 25. Be6 Qb8 1-0

[Event "ENHM/Bogny"]
[Site "?"]
[Date "2009.01.18"]
[Round "4"]
[White "WACZECKA, Jerome"]
[Black "TALBOT, Remi"]
[Result "1-0"]
[WhiteElo "1860"]
[BlackElo "1790"]
[PlyCount "85"]
[EventDate "2009.01.20"]
[SourceDate "2009.01.20"]

1. d4 d5 2. Nf3 Nf6 3. Bg5 Bf5 4. Nbd2 h6 5. Bh4 e6 6. e3 Be7 7. Ne5 c6 8. c4
Nbd7 9. Nxd7 Qxd7 10. c5 O-O 11. Be2 Kh8 12. Nf3 Qd8 13. O-O Bg4 14. b4 g5 15.
Bg3 Ne4 16. Qc2 Bf5 17. Bd3 Nxg3 18. hxg3 Bxd3 19. Qxd3 Bf6 20. a4 Qc7 21. b5
Rfb8 22. Rfb1 Bg7 23. Rb3 b6 24. Rc1 cxb5 25. axb5 a6 26. bxa6 f6 27. c6 Bf8
28. Qb5 Be7 29. Nd2 Kg7 30. Nb1 Bd8 31. Nc3 Qc8 32. Ra3 Ra7 33. Qa4 Rba8 34.
Qb5 Rxa6 35. Rxa6 Rxa6 36. Na4 Bc7 37. Kh2 Qa8 38. Qb4 Kf7 39. Nb2 Ra7 40. Nd1
Ra4 41. Qb5 Ra5 42. Qb1 Ra4 43. Qh7+ 1-0

[Event "ENHM/Bogny"]
[Site "?"]
[Date "2009.01.18"]
[Round "4"]
[White "ROUABLE, Denis"]
[Black "RENARD, Luc"]
[Result "1-0"]
[WhiteElo "1820"]
[BlackElo "1720"]
[PlyCount "51"]
[EventDate "2009.01.20"]
[SourceDate "2009.01.20"]

1. d4 d5 2. c4 e6 3. Nc3 Nf6 4. Bg5 Nbd7 5. e3 Be7 6. Nf3 O-O 7. Bd3 dxc4 8.
Bxc4 Re8 9. O-O h6 10. Bh4 c6 11. Qe2 Qc7 12. Rac1 Nb6 13. Bb3 Nfd5 14. Bg3
Nxc3 15. Rxc3 Bd6 16. Ne5 Qe7 17. f4 Bxe5 18. fxe5 Nd5 19. Bxd5 exd5 20. Qh5
Be6 21. Bf4 Qd7 22. Bxh6 gxh6 23. Rf6 Bf5 24. Rxh6 Kf8 25. Rh8+ Ke7 26. Qg5+
1-0

[Event "ENHM/Bogny"]
[Site "?"]
[Date "2009.01.18"]
[Round "4"]
[White "FOURDRIGNIER, Martin"]
[Black "PETEUIL, Camille"]
[Result "1-0"]
[WhiteElo "1690"]
[BlackElo "1190"]
[PlyCount "49"]
[EventDate "2009.01.20"]
[SourceDate "2009.01.20"]

1. e4 d6 2. d4 Nf6 3. Nc3 g6 4. f3 Bg7 5. Be3 O-O 6. Qd2 Bh8 7. Bd3 c6 8. Nge2
Qc7 9. g4 e5 10. dxe5 dxe5 11. Ng3 Rd8 12. Bh6 Ne8 13. h4 Ng7 14. Qe3 Qe7 15.
h5 gxh5 16. Nxh5 Nxh5 17. gxh5 Qf6 18. Rg1+ Bg7 19. Bg5 Qd6 20. Bxd8 Qxd8 21.
O-O-O Kf8 22. Qc5+ Ke8 23. Rxg7 Qc7 24. Rg8+ Kd7 25. Bc4+ 1-0

[Event "BME/LTR"]
[Site "?"]
[Date "2009.01.18"]
[Round "4"]
[White "BOILLON, Vincent"]
[Black "PIERMEE, Emilien"]
[Result "1/2-1/2"]
[WhiteElo "2156"]
[BlackElo "2139"]
[PlyCount "47"]
[EventDate "2009.01.20"]
[SourceDate "2009.01.22"]

1. d4 d5 2. c4 dxc4 3. e4 b5 4. Nc3 a6 5. Be2 e6 6. Nf3 Bb7 7. O-O Nf6 8. e5
Nd5 9. Bg5 Be7 10. Qd2 Nxc3 11. bxc3 Nd7 12. a4 O-O 13. Bxe7 Qxe7 14. Rfb1 Bc6
15. Ng5 Nb6 16. axb5 axb5 17. Rxa8 Rxa8 18. Bh5 g6 19. Bf3 Bxf3 20. Nxf3 c6 21.
Qh6 Qf8 22. Qh4 Nd5 23. Ng5 h6 24. Ne4 1/2-1/2

[Event "BME/LTR"]
[Site "?"]
[Date "2009.01.18"]
[Round "4"]
[White "DELMONT, Jean-Robert"]
[Black "HALFAOUI, Eddine"]
[Result "1-0"]
[WhiteElo "1970"]
[BlackElo "1866"]
[PlyCount "81"]
[EventDate "2009.01.20"]
[SourceDate "2009.01.22"]

1. d4 Nf6 2. c4 e6 3. Nc3 Bb4 4. e3 b6 5. Bd3 Bb7 6. Nf3 O-O 7. Bd2 d5 8. O-O
Na6 9. cxd5 Bxc3 10. bxc3 exd5 11. Qe2 Nb8 12. c4 Ne4 13. Bb4 Re8 14. cxd5 Bxd5
15. Rac1 Nc6 16. Ba3 Na5 17. Qc2 Rc8 18. Ba6 Bb7 19. Bb5 Re6 20. Ne5 Nd6 21.
Bd7 Rh6 22. Bxc8 Nxc8 23. Qxc7 Qe8 24. Qd7 Qxd7 25. Nxd7 Ba6 26. Rfe1 Nc4 27.
Ne5 Nxa3 28. Rc7 f6 29. Nc6 Nb5 30. Rxc8+ Bxc8 31. Ne7+ Kf7 32. Nxc8 f5 33. Rc1
Ke8 34. a4 Nd6 35. Nxd6+ Rxd6 36. Rc7 Rd7 37. Rxd7 Kxd7 38. Kf1 Kc6 39. Ke2 Kd5
40. Kd3 a6 41. f3 1-0

[Event "BME/LTR"]
[Site "?"]
[Date "2009.01.18"]
[Round "4"]
[White "ROGNON, E."]
[Black "COLIN, Stephanie"]
[Result "1-0"]
[WhiteElo "1760"]
[BlackElo "1844"]
[PlyCount "59"]
[EventDate "2009.01.20"]
[SourceDate "2009.01.22"]

1. e4 e6 2. d4 d5 3. Nc3 Bb4 4. e5 c5 5. a3 Bxc3+ 6. bxc3 Ne7 7. f4 Nbc6 8. Nf3
Qb6 9. Bd3 Bd7 10. Be3 cxd4 11. cxd4 Rc8 12. O-O O-O 13. Bxh7+ Kxh7 14. Ng5+
Kg6 15. Qg4 f5 16. exf6 gxf6 17. Ne4+ Kh7 18. Rf3 Ng6 19. Nc5 Nxd4 20. Rh3+ Kg7
21. Nxd7 Qb2 22. Rd1 Qxc2 23. Bxd4 Rf7 24. Nxf6 Rxf6 25. Bxf6+ Kxf6 26. Re1
Qc5+ 27. Kh1 Qd6 28. Qg5+ Kg7 29. Rg3 e5 30. f5 1-0

[Event "BME/LTR"]
[Site "?"]
[Date "2009.01.18"]
[Round "4"]
[White "DHAUSSY, Adrien"]
[Black "HACENE, Ahmed"]
[Result "0-1"]
[WhiteElo "1890"]
[BlackElo "1709"]
[PlyCount "96"]
[EventDate "2009.01.20"]
[SourceDate "2009.01.22"]

1. e4 e6 2. d4 d5 3. e5 c5 4. c3 Nc6 5. Nf3 Qb6 6. Bd3 Bd7 7. O-O c4 8. Bc2
Nge7 9. b3 Na5 10. Ba3 Ng6 11. Bxf8 Nxf8 12. b4 Nc6 13. a4 Ng6 14. Ng5 Nce7 15.
Qf3 O-O 16. Qh5 h6 17. Nf3 Qd8 18. Nh4 Be8 19. Nxg6 Nxg6 20. Qg4 f5 21. Qg3 Qg5
22. Qxg5 hxg5 23. g3 Kf7 24. Na3 a6 25. b5 Ne7 26. Rfb1 a5 27. b6 Nc8 28. Nb5
Bxb5 29. Rxb5 Ne7 30. f4 gxf4 31. gxf4 Ng6 32. Rf1 Ne7 33. Kg2 Rh8 34. Kg3 Rh6
35. Bd1 Rah8 36. h4 Rxh4 37. Rxa5 Rh3+ 38. Kf2 Rh2+ 39. Ke1 R8h3 40. Rf2 Re3+
41. Re2 Rh1+ 42. Kf2 Rd3 43. Re1 Rxd1 44. Rxh1 Rxh1 45. Ra7 Ra1 46. Rxb7 Rxa4
47. Rxe7+ Kxe7 48. b7 Ra2+ 0-1

[Event "BME/LTR"]
[Site "?"]
[Date "2009.01.18"]
[Round "4"]
[White "DJANBEKOV, K."]
[Black "CAZZARO, Dorian"]
[Result "1-0"]
[WhiteElo "1720"]
[BlackElo "1832"]
[PlyCount "75"]
[EventDate "2009.01.20"]
[SourceDate "2009.01.22"]

1. e4 c5 2. Nc3 Nc6 3. Nf3 d6 4. Bb5 Bg4 5. h3 Bh5 6. g4 Bg6 7. a3 e6 8. d3 Be7
9. h4 h5 10. g5 a6 11. Ba4 f6 12. Be3 Bf7 13. Bb3 Qd7 14. Ba4 b5 15. Bb3 Rb8
16. Qd2 d5 17. exd5 exd5 18. Ne2 Qg4 19. Neg1 c4 20. Ba2 Ne5 21. Qe2 Qg2 22.
Rh2 Nxf3+ 23. Nxf3 Qg4 24. O-O-O Kf8 25. c3 a5 26. Rg1 Qd7 27. Bd4 b4 28. cxb4
axb4 29. axb4 Rxb4 30. gxf6 Nxf6 31. Ne5 Qa4 32. Bb1 cxd3 33. Nd7+ Qxd7 34.
Qxd3 Rc4+ 35. Bc2 Qa4 36. b3 Ba3+ 37. Kd1 Rxc2 38. bxa4 1-0

[Event "BME/LTR"]
[Site "?"]
[Date "2009.01.18"]
[Round "4"]
[White "LOUIS, Sophie"]
[Black "LIN, Yun"]
[Result "1/2-1/2"]
[WhiteElo "1500"]
[BlackElo "1570"]
[PlyCount "111"]
[EventDate "2009.01.20"]
[SourceDate "2009.01.22"]

1. e4 c6 2. Nc3 d5 3. exd5 cxd5 4. d4 Nf6 5. Nf3 Nc6 6. Bb5 Bd7 7. O-O e6 8.
Bg5 Be7 9. Re1 h6 10. Bxf6 Bxf6 11. Nxd5 O-O 12. Nxf6+ Qxf6 13. c3 a6 14. Bxc6
Bxc6 15. Ne5 Rac8 16. Re3 Rfd8 17. Nxc6 Rxc6 18. Qg4 Rd5 19. Rf3 Rf5 20. Rxf5
Qxf5 21. Qxf5 exf5 22. d5 Rd6 23. Rd1 Kf8 24. c4 b6 25. b4 Ke7 26. c5 bxc5 27.
bxc5 Rd8 28. d6+ Kd7 29. g3 Kc6 30. Rc1 Kd7 31. Kg2 Ke6 32. f4 Kd7 33. Kf3 Ke6
34. Rd1 Kd7 35. Ke3 Kc6 36. Kd4 f6 37. Kc4 a5 38. d7 Rxd7 39. Rxd7 Kxd7 40. Kb5
Kc7 41. c6 a4 42. Kc5 g5 43. Kb4 Kxc6 44. Kxa4 Kd5 45. Kb5 Ke4 46. a4 gxf4 47.
gxf4 Kxf4 48. a5 Ke3 49. a6 f4 50. a7 f3 51. a8=Q f2 52. Qg2 Ke2 53. Qg4+ Ke1
54. Qe4+ Kf1 55. Qh1+ Ke2 56. Qe4+ 1/2-1/2

[Event "BME/LTR"]
[Site "?"]
[Date "2009.01.18"]
[Round "4"]
[White "GUILBAULT, Bertrand"]
[Black "DJANBERKOV, S."]
[Result "1-0"]
[WhiteElo "1850"]
[BlackElo "1580"]
[PlyCount "94"]
[EventDate "2009.01.20"]
[SourceDate "2009.01.22"]

1. c4 e6 2. Nc3 Nf6 3. Nf3 Bd6 4. g3 b6 5. Bg2 Bb7 6. O-O h5 7. a3 c6 8. b4 Bc7
9. Qb3 Na6 10. d4 d5 11. c5 Nd7 12. Bd2 Qe7 13. b5 Nab8 14. cxb6 Nxb6 15. Rfc1
f6 16. Rc2 g5 17. Rac1 g4 18. Nh4 Rg8 19. bxc6 Bc8 20. Nb5 Na6 21. Nxc7+ Nxc7
22. e4 Qf7 23. exd5 exd5 24. Re1+ Kd8 25. Bb4 Re8 26. Rce2 Rxe2 27. Rxe2 Be6
28. Qc2 Nb5 29. Qc5 Nc7 30. Qd6+ Kc8 31. Nf5 Kb8 32. Qd8+ Nc8 33. Nd6 Qe7 34.
Qxe7 Nxe7 35. Ba5 Nc8 36. Rb2+ Nb6 37. Bxb6 axb6 38. Rxb6+ Ka7 39. Rb7+ Ka6 40.
Rxc7 Kb6 41. Re7 Kxc6 42. Rxe6 Kd7 43. Rxf6 Ra6 44. Bxd5 Rxd6 45. Rxd6+ Kxd6
46. Bb3 Kc6 47. d5+ Kc5 1-0

[Event "chaumont/LTR"]
[Site "?"]
[Date "2009.02.08"]
[Round "5"]
[White "PICARD, Serge"]
[Black "LOUIS, Andre"]
[Result "1-0"]
[WhiteElo "2097"]
[BlackElo "1899"]
[PlyCount "112"]
[EventDate "2009.02.08"]
[SourceDate "2009.02.08"]

1. e4 c5 2. Nf3 Nc6 3. d4 cxd4 4. Nxd4 Nf6 5. Nc3 e5 6. Ndb5 d6 7. Bg5 a6 8.
Na3 b5 9. Nd5 Be7 10. Bxf6 Bxf6 11. c3 O-O 12. Nc2 Bg5 13. a4 bxa4 14. Rxa4 Ne7
15. Ncb4 a5 16. Nxe7+ Qxe7 17. Nd5 Qd8 18. b4 Be6 19. b5 Bxd5 20. Qxd5 Qb6 21.
Be2 Rac8 22. c4 Rc5 23. Qd3 Re8 24. O-O Ra8 25. Rd1 Be7 26. Qe3 Qc7 27. g3 g6
28. h4 h5 29. Kh2 Kg7 30. Qf3 Rh8 31. Rda1 Ra8 32. Qa3 Bd8 33. Kg2 Qe7 34. Rd1
Bb6 35. Qd3 Rd8 36. Ra2 Qf6 37. f3 Rc7 38. Qd5 Qe7 39. Qd2 Ra7 40. Ra4 Qc7 41.
f4 Qc5 42. Bd3 Qe3 43. Qxe3 Bxe3 44. Kf3 Bd4 45. Bc2 f6 46. Ra2 Kf7 47. Bb3 Kg7
48. f5 gxf5 49. exf5 Bc5 50. Rd3 Re7 51. Ke4 Ra7 52. Bd1 Rh8 53. Kd5 Kh6 54.
Ra4 Rb8 55. Be2 Rd8 56. Rb3 Bb4 1-0

[Event "chaumont/LTR"]
[Site "?"]
[Date "2009.02.08"]
[Round "5"]
[White "RAPINEL, Franck"]
[Black "SZYLAR, Eric"]
[Result "1-0"]
[WhiteElo "2114"]
[BlackElo "2078"]
[PlyCount "45"]
[EventDate "2009.02.08"]
[SourceDate "2009.02.08"]

1. Nf3 Nf6 2. c4 g6 3. Nc3 Bg7 4. e4 d6 5. d4 O-O 6. Be2 e5 7. Be3 Ng4 8. Bg5
f6 9. Bh4 Qe8 10. h3 Nh6 11. Qd2 c6 12. d5 c5 13. g4 f5 14. gxf5 gxf5 15. Rg1
Kh8 16. O-O-O f4 17. Nb5 Qd7 18. Ng5 a6 19. Ne6 axb5 20. Rxg7 Rf7 21. Bf6 Rxg7
22. Bxg7+ Kg8 23. Bxh6 1-0

[Event "chaumont/LTR"]
[Site "?"]
[Date "2009.02.08"]
[Round "5"]
[White "LASSALLE, Arnaud"]
[Black "ADDA, Olivier"]
[Result "0-1"]
[WhiteElo "2013"]
[BlackElo "2105"]
[PlyCount "83"]
[EventDate "2009.02.08"]
[SourceDate "2009.02.08"]

1. e4 e5 2. Nf3 Nc6 3. Bb5 a6 4. Ba4 Nf6 5. O-O b5 6. Bb3 Bb7 7. Ng5 d5 8. exd5
Nd4 9. Re1 Bd6 10. Nf3 O-O 11. Nxd4 exd4 12. d3 Nxd5 13. Nd2 Qh4 14. Nf3 Qh5
15. h3 c5 16. Bd2 Rae8 17. Ng5 Rxe1+ 18. Qxe1 Nf6 19. g4 Qg6 20. f4 Nxg4 21.
hxg4 c4 22. Qh4 cxb3 23. axb3 h6 24. Nh3 Bc7 25. Nf2 Re8 26. Qg3 Re2 27. Rd1 f5
28. Kf1 Re8 29. Re1 Rxe1+ 30. Kxe1 fxg4 31. Qxg4 Qxg4 32. Nxg4 h5 33. Ne5 g5
34. Kf2 h4 35. Ng6 Kf7 36. Ne5+ Ke6 37. c3 dxc3 38. bxc3 Kf5 39. Nd7 Bxf4 40.
Nc5 Bxd2 41. Nxb7 Bxc3 42. Nc5 0-1

[Event "chaumont/LTR"]
[Site "?"]
[Date "2009.02.08"]
[Round "5"]
[White "HALFAOUI, Eddine"]
[Black "CARNIOL, Thomas"]
[Result "0-1"]
[WhiteElo "1866"]
[BlackElo "2093"]
[PlyCount "54"]
[EventDate "2009.02.08"]
[SourceDate "2009.02.08"]

1. e4 d6 2. Nf3 Nf6 3. Nc3 g6 4. Bc4 Bg7 5. O-O c5 6. d3 O-O 7. e5 dxe5 8. Nxe5
Nbd7 9. Nxd7 Bxd7 10. Be3 Rc8 11. Qd2 a6 12. a4 Qa5 13. Bh6 Qb4 14. Bxg7 Kxg7
15. Ra3 Qa5 16. Qe3 e6 17. Ne4 Nxe4 18. dxe4 Rfd8 19. Qf4 Be8 20. e5 Qd2 21.
Qf6+ Kg8 22. Rf3 Qh6 23. Rd3 Rxd3 24. Bxd3 Bxa4 25. Be4 Qd2 26. Qe7 Bb5 27.
Bxb7 Rd8 0-1

[Event "chaumont/LTR"]
[Site "?"]
[Date "2009.02.08"]
[Round "5"]
[White "MASERA, Michel"]
[Black "HACENE, Ahmed"]
[Result "0-1"]
[WhiteElo "1956"]
[BlackElo "1709"]
[PlyCount "60"]
[EventDate "2009.02.08"]
[SourceDate "2009.02.08"]

1. d4 d5 2. c4 c6 3. Nf3 e6 4. e3 Nf6 5. Nc3 a6 6. b3 Bb4 7. Bd2 O-O 8. Bd3 Re8
9. Qc2 Nbd7 10. O-O e5 11. Nxe5 Nxe5 12. dxe5 Rxe5 13. cxd5 cxd5 14. Ne2 Bxd2
15. Qxd2 Ne4 16. Bxe4 Rxe4 17. Nc3 Re5 18. Qd4 Rh5 19. Rfd1 Be6 20. Ne2 Rh6 21.
Rac1 Qg5 22. Qf4 Qg6 23. Rc7 b5 24. Rdc1 Rf8 25. Nd4 Qh5 26. R7c6 Rf6 27. Qc7
h6 28. Qg3 Kh7 29. Rxa6 Rg6 30. Qf3 Bg4 0-1